Popular Movies by Poster IX - Statistics

General Stats
  • This quiz has been taken 1,541 times
  • The average score is 11 of 16
Answer Stats
Picture Answer % Correct
Cars
98%
Home Alone
98%
Deadpool
97%
Jumanji: Welcome to the Jungle
94%
Night at the Museum
86%
The Truman Show
73%
The Martian
71%
Gandhi
70%
Ready Player One
69%
Batman Begins
60%
Grand Budapest Hotel
55%
I Am Legend
55%
Rogue One: A Star Wars Story
54%
Full Metal Jacket
49%
Predator
49%
Fargo
42%
No matching quizzes found
Score Distribution
Percent of People with Each Score
Percentile by Number Answered
Your Score History
You have not taken this quiz